El papel de la actividad en el desarrollo y la educación /

En este trabajo he intentado mostrar que los individuos y las sociedades se desarrollan de manera interdependiente, en y mediante la participación en actividades conjuntas mediadas por herramientas. Por esta razón, el desarrollo de las especies humanas, de los grupos culturales y de las personas ind...

Descripción completa

Detalles Bibliográficos
Autor principal: Wells, Gordon
Formato: Analitica de revista
Lenguaje:español

MARC

LEADER 00000cab a2200000 a 4500
001 034764
003 UAHC_CL
005 20170803123800.0
008 040622b xx j 000 1 spa
040 |a UAHC_CL  |c UAHC_CL  |d UAHC_CL 
100 1 |a Wells, Gordon 
245 1 3 |a El papel de la actividad en el desarrollo y la educación /  |c Gordon Wells. 
300 |a pp. 165-187 
500 |a Infancia y aprendizaje (España) 2004 vol.27 (1). pp.165-188 
500 |a Infancia y aprendizaje (España) 2004 vol.27 (1). pp.165-188 
520 |a En este trabajo he intentado mostrar que los individuos y las sociedades se desarrollan de manera interdependiente, en y mediante la participación en actividades conjuntas mediadas por herramientas. Por esta razón, el desarrollo de las especies humanas, de los grupos culturales y de las personas individuales, depende de las herramientas de representación disponibles y de los modos de conocimiento que tales herramientas permiten. Por lo tanto los educadores, equipando a los alumnos con las habilidades y conocimientos alcanzados por las generaciones previas y proporcionándoles guía y ayuda mientras exploran colaborativamente temas y problemas de interés compartido; pueden preparar a los alumnos para desarrollar la disposición a buscar y ampliar la comprensión que impulsa la acción responsable y para, en el proceso, transformarse a si mismo, transformar sus sociedades y el mundo que habitan. 
520 |a En este trabajo he intentado mostrar que los individuos y las sociedades se desarrollan de manera interdependiente, en y mediante la participación en actividades conjuntas mediadas por herramientas. Por esta razón, el desarrollo de las especies humanas, de los grupos culturales y de las personas individuales, depende de las herramientas de representación disponibles y de los modos de conocimiento que tales herramientas permiten. Por lo tanto los educadores, equipando a los alumnos con las habilidades y conocimientos alcanzados por las generaciones previas y proporcionándoles guía y ayuda mientras exploran colaborativamente temas y problemas de interés compartido; pueden preparar a los alumnos para desarrollar la disposición a buscar y ampliar la comprensión que impulsa la acción responsable y para, en el proceso, transformarse a si mismo, transformar sus sociedades y el mundo que habitan. 
759 |a PP080 
773 0 |t Infancia y aprendizaje : journal of study of education and development.  |w 034546 
900 |a INFANC. APRENDIZAJE-27(02)/04 
942 |c REVA 
952 |0 0  |1 0  |2 ddc  |4 0  |6 INFANC___APRENDIZAJE2702_04_000000000000000  |7 0  |8 COMP  |9 66109  |a BC  |b BC  |c General  |d 2017-08-03  |l 0  |o INFANC. APRENDIZAJE-27(02)/04  |r 2018-01-23 00:00:00  |w 2017-08-03  |y REVA 
999 |c 34764  |d 34764